Castes and tribes of India. (Record no. 39899)
[ view plain ]
| 000 -LEADER | |
|---|---|
| fixed length control field | 00490nam a2200169 4500 |
| 020 ## - INTERNATIONAL STANDARD BOOK NUMBER | |
| ISBN | 817041640X |
| 082 ## - DEWEY DECIMAL CLASSIFICATION NUMBER | |
| Classification number | 301.4510954 |
| Item number | SAR |
| 245 ## - TITLE STATEMENT | |
| Title | Castes and tribes of India. |
| Statement of responsibility, etc | edited by T.R.Sareen and S.R. Bakshi. |
| 260 ## - PUBLICATION, DISTRIBUTION, ETC. (IMPRINT) | |
| Place of publication | New Delhi. |
| Name of publisher | Anmol Publications. |
| Year of publication | [19-?] |
| 300 ## - PHYSICAL DESCRIPTION | |
| Number of Pages | viii,420p. ; 23cm.- |
| 490 ## - SERIES STATEMENT | |
| Series statement | India through ages.no.4. |
| 650 ## - SUBJECT ADDED ENTRY--TOPICAL TERM | |
| Topical Term | India-Scheduled tribes |
| 650 ## - SUBJECT ADDED ENTRY--TOPICAL TERM | |
| Topical Term | India-Scheduled Castes |
| 710 ## - ADDED ENTRY--CORPORATE NAME | |
| Corporate name or jurisdiction name as entry element | Sareen, T.R. |
| 710 ## - ADDED ENTRY--CORPORATE NAME | |
| Corporate name or jurisdiction name as entry element | Bakshi, S.R. |
| Withdrawn status | Lost status | Damaged status | Collection code | Home library | Current library | Shelving location | Date acquired | Full call number | Accession Number | Koha item type |
|---|---|---|---|---|---|---|---|---|---|---|
| SOCIOLOGY | North Eastern Hill University | North Eastern Hill University | General Stacks | 24/11/2011 | 301.4510954 SAR | 134574 | Books |
